01163nam a2200193 a 450000100100000000500170001000800410002704000250006804100130009324502180010624602200032426000470054430000350059104900090062695201060063595201050074195201060084699900170095200003021720200930060136.0110504s2008 dr ac 000 0 spa d aDO-SdBNPbspacBNPHu17aspabeng00aXV años de historia de la semana dominicana : una trayectoria de frutos positivos para República Dominicana = XV years of history of the dominican week : a trajectory of positive fruits for Dominican Republic.11a15 años de historia de la semana dominicana : una trayectoria de frutos positivos para la República Dominicana = 15 years of history of the dominican week : a trajectory of positive fruits for Dominican Republic aSanto Domingo :bSemana Dominicana,c2008. a75 p. :bil., retrs. ;c29 cm. aBNPD 00107-18PDaGRbGRcOId2011-05-04iLF1l0o p30217-30r2020-06-25w2020-06-25yLFPDZNo se presta 0010718PDaPDbPDcCTd2011-05-04iLF1l0o p30217-10r2020-06-25w2020-06-25yLFPDZNo se presta 00107-18PDaPDbPDcOId2011-05-04iLF1l0o p30217-20r2020-06-25w2020-06-25yLFPDZNo se presta c29709d29709